000 00715nam a2200253Ia 4500
003 OSt
005 20221005124952.0
006 a|||||r|||| 00| 0
007 ta
008 221004b |||||||| |||| 00| 0 mal d
024 _a54492
037 _cTextual
040 _aCRL
_cCRL
_bmal
041 _2mal
_amal
082 _aO32,1M70x, J1;M8
100 _aKunjikrishnamenon Oduvil Au.
_9636035
245 0 _aOduvil kruthikal
260 _c1988
650 _a MALAYALAM POETRY
_9185636
650 _aMALAYALAM LITERATURE
_938866
700 _a Menon I. K. Ed.
_9636036
942 _hO32,1M70x, J1;M8
_cTEXL
_2cc
999 _c1052276
_d1052276